Religion and the Order of Nature (Record no. 347622)
[ view plain ]
| 000 -LEADER | |
|---|---|
| fixed length control field | 00551 a2200205 4500 |
| 003 - CONTROL NUMBER IDENTIFIER | |
| control field | OSt |
| 005 - DATE AND TIME OF LATEST TRANSACTION | |
| control field | 20180116182854.0 |
| 008 - FIXED-LENGTH DATA ELEMENTS--GENERAL INFORMATION | |
| fixed length control field | 161125b xxu||||| |||| 00| 0 eng d |
| 020 ## - INTERNATIONAL STANDARD BOOK NUMBER | |
| International Standard Book Number | 9695190618 |
| 040 ## - CATALOGING SOURCE | |
| Transcribing agency | 0 |
| 082 ## - DEWEY DECIMAL CLASSIFICATION NUMBER | |
| Classification number | 291.24 NAS 2004 |
| 100 ## - MAIN ENTRY--PERSONAL NAME | |
| Personal name | Nasr,Seyyed Hossein |
| 245 ## - TITLE STATEMENT | |
| Title | Religion and the Order of Nature |
| Statement of responsibility, etc. | Seyyed Hossein Nasr |
| 250 ## - EDITION STATEMENT | |
| Edition statement | 1st |
| 260 ## - PUBLICATION, DISTRIBUTION, ETC. | |
| Place of publication, distribution, etc. | Lahore |
| Name of publisher, distributor, etc. | Suhail Academy |
| Date of publication, distribution, etc. | 2004 |
| 300 ## - PHYSICAL DESCRIPTION | |
| Extent | 310p |
| Other physical details | HB. |
| 440 ## - SERIES STATEMENT/ADDED ENTRY--TITLE | |
| Title | Religion and the Order of Nature |
| 500 ## - GENERAL NOTE | |
| General note | Hard cover |
| 942 ## - ADDED ENTRY ELEMENTS (KOHA) | |
| Institution code [OBSOLETE] | NBS |
| Koha item type | Book |
| Call number prefix | 291.24 NAS 2004 |
| Source of classification or shelving scheme | |
| Withdrawn status | Lost status | Damaged status | Not for loan | Permanent Location | Current Location | Date acquired | Total Checkouts | Full call number | Barcode | Date last seen | Price effective from | Koha item type |
|---|---|---|---|---|---|---|---|---|---|---|---|---|
| Central Library (CL) | Central Library (CL) | 08/28/2013 | 291.2420 SEY | NBSD-1317 | 08/28/2013 | 08/28/2013 | Book |
